Algunos componentes de la demanda de dinero para el partido de Bahía Blanca (Registro nro. 22906)

Detalles MARC
000 -LEADER
fixed length control field 00368 a2200109 4500
001 - CONTROL NUMBER
control field ART_5549
005 - DATE AND TIME OF LATEST TRANSACTION
control field 20260410161827.0
008 - FIXED-LENGTH DATA ELEMENTS--GENERAL INFORMATION
fixed length control field 260409a
100 1# - MAIN ENTRY--PERSONAL NAME
Personal name Romanelli, Rodolfo
245 10 - TITLE STATEMENT
Title Algunos componentes de la demanda de dinero para el partido de Bahía Blanca
773 0# - HOST ITEM ENTRY
Title Estudios Económicos
Related parts - Vol. 2, Nº 3/4 (ene./dic. 1983)
Record control number REV5080

No hay ítems disponibles.